LEADER 01843cam a22003254a 4500 001 000000105097 003 CaOOAMICUS 005 20070517170556.0 008 070517s2006 gw b 011 0 ger c 020 $z3525539584 (Vandenhoeck : hd.bd.)* 040 $aOHX$b $cOHX$dCGU$dDLC$dPUL$dLDA 041 0 $ager$aeng 245 04$aDas Gesetz im frühen Judentum und im Neuen Testament :$bFestschrift für Christoph Burchard zum 75. Geburtstag /$cherausgegeben von Dieter Sänger und Matthias Konradt. 260 $aGöttingen :$bVandenhoeck und Ruprecht ;$aFribourg :$bAcademic Press,$cc.2006. 300 $a344 p. ;$c24 cm. 490 1 $aNovum Testamentum et Orbis antiquus.$aStudien zur Umwelt des Neuen Testaments ;$vBd. 57 504 $aInclude riferimenti bibliografici ed indice 630 04$aBiblia.$pN.T.$pPauli epistolae$xCritica e interpretazione.$0(OLS)http://pul/subject/36488 700 1 $aSänger, Dieter.$0(OLS)http://pul/name/49261 700 1 $aKonradt, Matthias.$0(OLS)http://pul/name/64596 700 1 $aBurchard, Christoph.$0(OLS)http://pul/name/8946 830 0$aNovum Testamentum et Orbis antiquus.$pStudien zur Umwelt des Neuen Testaments ;$vBd. 57.$0(OLS)http://pul/title/105627 850 $aPUL 852 $aPUL$W1$xSL Religione 1$y3$m5 S 57$j117723$qStampati$B117669$CPULBib$Z2$F117669 $H102403 $82 941 1 $a8 983 0$aNovum Testamentum et Orbis antiquus. 996 $6020$z3525539584 (Vandenhoeck : hd.bd.)*$9(OLS)http://pul/number/134390 996 $6245$aDas Gesetz im frühen Judentum und im Neuen Testament :$bFestschrift für Christoph Burchard zum 75. Geburtstag$9(OLS)http://pul/title/132204 996 $6260$aGöttingen :$bVandenhoeck und Ruprecht$9(OLS)http://pul/publisher/51622 996 $6260$aFribourg :$bAcademic Press$9(OLS)http://pul/publisher/75910 LEADER 01414nam a2200289 a 4500 001 000000104993 003 CaOOAMICUS 005 20070514145524.0 008 070514s2006 it 001 0 ita d 040 $aPUG$bita$dPUL$dLDA 100 1 $aDi Pilato, Vincenzo.$0(OLS)http://pul/name/64059 245 10$aAll'incontro con Dio :$bin dialogo con la teologia di Hans Waldenfels /$cVincenzo Di Pilato ; prefazione di Piero Coda ; postfazione di Hans Waldenfels. 260 $aRoma :$bCittà Nuova,$c©2006. 300 $a450 p. ;$c22 cm 490 1 $aCollana di teologia ;$v058 504 $aBibliografia (pp. 405-434) e indici 600 04$aWaldenfels, Hans.$0(OLS)http://pul/subject/33198 650 04$aRivelazione.$0(OLS)http://pul/subject/3064 650 04$aTeologia$zGermania$ySec. XX.$0(OLS)http://pul/subject/26426 700 1 $aWaldenfels, Hans,$cS.J.,$d1931-2023.$0(OLS)http://pul/name/15610 700 1 $aCoda, Piero,$csacerdote,$d1955-,$epr.$0(OLS)http://pul/name/12631 830 0$aCollana di teologia ;$v058.$0(OLS)http://pul/title/18581 850 $aPUL 852 $aPUL$W1$xSL Religione 3$y85$m230. 2 DIPVI 1$j117593$qDDC 21$B117536$CPULBib$Z2$F117536 $H103059 $82 941 1 $a9 996 $6245$aAll'incontro con Dio :$bin dialogo con la teologia di Hans Waldenfels$9(OLS)http://pul/title/132070 996 $6260$aRoma :$bCittà Nuova$9(OLS)http://pul/publisher/47927